Welcome to CU Library Online Public Access Catalogue (OPAC)

Leisure and life satisfaction : (Record no. 6007)

MARC details
000 -LEADER
fixed length control field 00820pam a2200253 a 4500
001 - CONTROL NUMBER
control field 4488789
005 - DATE AND TIME OF LATEST TRANSACTION
control field 20250528151642.0
008 - FIXED-LENGTH DATA ELEMENTS--GENERAL INFORMATION
fixed length control field 970508s1998 mauab b 001 0 eng
020 ## - INTERNATIONAL STANDARD BOOK NUMBER
International Standard Book Number 0697294986
050 00 - LIBRARY OF CONGRESS CALL NUMBER
Classification number GV14
Item number .L394 1998
082 00 - DEWEY DECIMAL CLASSIFICATION NUMBER
Classification number 790/.01/35097
Edition information 21
245 00 - TITLE STATEMENT
Title Leisure and life satisfaction :
Remainder of title foundational perspectives /
Statement of responsibility, etc. Christopher R. Edginton ... [et al.].
250 ## - EDITION STATEMENT
Edition statement 2nd ed.
260 ## - PUBLICATION, DISTRIBUTION, ETC.
Place of publication, distribution, etc. Boston, Mass. :
Name of publisher, distributor, etc. WCB/McGraw-Hill,
Date of publication, distribution, etc. c1998.
300 ## - PHYSICAL DESCRIPTION
Extent xiii, 450 p. :
Other physical details ill., map ;
Dimensions 24 cm.
650 #0 - SUBJECT ADDED ENTRY--TOPICAL TERM
Topical term or geographic name entry element Leisure
Geographic subdivision United States.
650 #0 - SUBJECT ADDED ENTRY--TOPICAL TERM
Topical term or geographic name entry element Leisure
Geographic subdivision Canada.
650 #0 - SUBJECT ADDED ENTRY--TOPICAL TERM
Topical term or geographic name entry element Leisure industry
Geographic subdivision United States.
650 #0 - SUBJECT ADDED ENTRY--TOPICAL TERM
Topical term or geographic name entry element Leisure industry
Geographic subdivision Canada.
650 #0 - SUBJECT ADDED ENTRY--TOPICAL TERM
Topical term or geographic name entry element Quality of life
Geographic subdivision United States.
650 #0 - SUBJECT ADDED ENTRY--TOPICAL TERM
Topical term or geographic name entry element Quality of life
Geographic subdivision Canada.
700 1# - ADDED ENTRY--PERSONAL NAME
Personal name Edginton, Christopher R.
942 ## - ADDED ENTRY ELEMENTS (KOHA)
Source of classification or shelving scheme Library of Congress Classification
Koha item type Books
Suppress in OPAC No
999 ## -
-- 6007
-- 6007
Holdings
Withdrawn status Lost status Source of classification or shelving scheme Damaged status Not for loan Collection Home library Current library Shelving location Date acquired Total checkouts Full call number Barcode Date last seen Copy number Price effective from Koha item type
    Library of Congress Classification     Non-fiction Undergraduate Library (Christ Temple) Undergraduate Library (Christ Temple) General stacks 05/28/2025   GV14 LEI ulct00002688 05/28/2025 1 05/28/2025 Books
© 2023-2024 Copyright: Central University Libraries. All Rights Reserved | Created by: Mahone Tech Office